000 00842nam a2200265Ia 4500
003 OSt
005 20220928120823.0
006 a|||||r|||| 00| 0
007 ta
008 220927b |||||||| |||| 00| 0 eng d
020 _c17250.75
024 _a129581
037 _b226, 08/03/2016, N.R.Book Distributors
_cTextual
040 _aSDCL
_cSDCL
_beng
041 _2eng
_aeng
082 _aG:424n1,N47, Q5
100 _aGottesman Susan Ed.
_9398847
245 0 _aAnnual review of microbiology (Vol.69)
260 _aCalifornia
_bAnnual Reviews
_c2015
300 _axii,551p.
_ccm.
650 _aMicrobiology
700 _a Harwood Caroline S. Ed.
_9398848
942 _hG:424n1,N47, Q5
_cTEXL
_2CC
999 _c765377
_d765377